| 000 | 00839nam a22002057a 4500 | ||
|---|---|---|---|
| 005 | 20250918105102.0 | ||
| 010 | _aB-746053-058 ENG-146850 E.N.A./7.11.22 | ||
| 020 |
_a9789391032821 _c525.00 |
||
| 035 | _aB-746053-058 | ||
| 035 | _aEN-130382 | ||
| 037 | _bAsian Book Centre | ||
| 037 | _bDBAD | ||
| 082 | _a000 | ||
| 245 |
_aGeneral Knowledge: _ba complete book for all competitive examinations/ |
||
| 260 |
_aGurugram _bOakBridge Publishing Pvt. Ltd. _c2022 |
||
| 270 |
_aM 35, 1st Floor, Old DLF, Gurugram _bNew Delhi _e122001 _k911244305970 _minfo@oakbridge.in |
||
| 300 |
_a874p. _c24cm(pbk) |
||
| 942 |
_2ddc _cEN _mGEN _h000 |
||
| 999 |
_c194118 _d194118 |
||